| 000 | 00599nam a2200193Ia 4500 | ||
|---|---|---|---|
| 005 | 20250507130353.0 | ||
| 008 | 008 250505s9999 xx 000 0 eng d | ||
| 020 | _a4-903452-03-4 | ||
| 037 | _aAnnuals, Advances | ||
| 040 |
_aEASL _beng _cEASL |
||
| 041 |
_aeng _2eng |
||
| 084 |
_aX:16,9.42, P6 _qEASL |
||
| 100 |
_aAkihiko Matsutani Au. _9665406 |
||
| 245 | 0 | _aShrinking-Population Economics : Lessons from Japan | |
| 260 |
_aJapan _bTokyo International House of Japan _c2006 |
||
| 300 | _axiv,200p. | ||
| 942 |
_cTEXL _hX:16,9.42, P6 |
||
| 999 |
_c1319297 _d1319297 |
||